000 00481nam a2200169Ia 4500
008 090201s9999 xx 000 0 und d
010 _aKPL-48406
040 _bमराठी
041 _aमराठी
082 _a35739
_b48406
100 _aशिरीष कणेकर
245 _aकणेकरी
_cशिरीष कणेकर
260 _c2004
_bग्रंथघर
300 _a168
_bमोठा
600 _aकणेकरी
942 _cBOOK
999 _c233782
_d233782